000 00322nam a2200121Ia 4500
008 190216s9999||||xx |||||||||||||| ||und||
100 _aIshwar C Dhingra
245 0 _aIndian Economy Resources Planning Development And Problems
260 _bSulthan Chand&Sons
_c1984
300 _a814p
650 _aEconomics
942 _cBK
999 _c9748
_d9748